000 00282nam a2200109 a 4500
001 4140
005 20140414131940.0
008 090218s19uu xx 00 eng d
050 _aTR 372.19
_bC73 2001
245 _aComprehensive curriculum of basic skills.Preschool.
999 _c112581
_d112581